000 00508pab a2200181 454500
008 180718b2014 xxu||||| |||| 00| 0 eng d
100 _aBanerjee, Paula
245 _aNew conundrums for women in north-east India: Nagaland and Tripura
260 _c2014
300 _ap.57-65.
362 _a1 Nov
650 _aWomens studies - India - Tripura
650 _aWomens studies- India - Nagaland
650 _aWomens studies
773 _aEconomic and Political Weekly
908 _aN
909 _a106220
999 _c106215
_d106215